Patince Prírodné jazero : Reštaurácia Prameň : Minigolfové ihrisko : bazén pre neplavcov

Zobrazenie: Štyri čiastkové pohľady, každý z troch strán v bielom orámovaní. Vľavo aj vpravo sú zvislé šedé pásy po celej výške pohľadnice, vľavo tvoria zároveň podklad okolo dvoch pohľadov. Medzi nimi je vodorovne bielym písmom názov. Pohľad na muža, ženu a dve deti medzi nimi na vodnom bicykli na...

Full description

Bibliographic Details
Other Authors: Ondrejkovič, Ivan, 1935-1998 (Photographer)
Format: Photo
Language:Slovak
PhysicalDescription:1 pohľadnica (4 čiastkové pohľady) farebná 11 x 15 cm
Published: Bratislava ČSTK-Pressfoto 1988
Subjects:

MARC

LEADER 00000ckm a2200000 a 4500
001 vtls001201863
003 SK-MaSNL
005 20260331202810.0
007 kf co
008 180703s1988 xo g 0kuslo
015 |a SNBG1988 
035 |a SNK000144933 
040 |a SNK  |b slo  |c SNK  |e AACR2 
041 0 |a slo 
043 |a e-xo--- 
044 |a xo  |c SK 
072 7 |a 913  |x Regionálna geografia  |2 konspekt 
080 |a 913(437.6)  |2 2011 
080 |a 908(437.6)  |2 2011 
080 |a (084.121)  |2 2011 
080 |a 797.175  |2 2011 
080 |a 556.55  |2 2011 
080 |a 796.352  |2 2011 
080 |a 725.84  |2 2011 
080 |a 711.455  |2 2011 
080 |a 640.43  |2 2011 
080 |a 725.1:613.47-026.651  |2 2011 
080 |a 725.1:613.47-026.911  |2 2011 
100 1 |a Ondrejkovič, Ivan,  |d 1935-1998  |4 pht  |9 7599 
245 1 0 |a Patince  |h grafika  |b Prírodné jazero : Reštaurácia Prameň : Minigolfové ihrisko : bazén pre neplavcov  |c foto: I. Ondrejkovič ; výtvarný návrh: J. Býma 
246 1 |i Názov na obrazovej časti:  |a Patince 
260 |a Bratislava  |b ČSTK-Pressfoto  |c 1988  |e Skalica  |f Grafobal 
300 |a 1 pohľadnica (4 čiastkové pohľady)  |b farebná  |c 11 x 15 cm 
520 8 |a Zobrazenie: Štyri čiastkové pohľady, každý z troch strán v bielom orámovaní. Vľavo aj vpravo sú zvislé šedé pásy po celej výške pohľadnice, vľavo tvoria zároveň podklad okolo dvoch pohľadov. Medzi nimi je vodorovne bielym písmom názov. Pohľad na muža, ženu a dve deti medzi nimi na vodnom bicykli na jazere. V pozadí za nimi vidno ďalší vodný bicykel na jazere. Za nimi je ostrovček s hustými listnatými stromami. Vpravo v popredí vidno ďalšie listnaté stromy vyčnievať z brehu vpravo. Pohľad na ženu a muža v plavkách hrať minigolf v areáli termálneho kúpaliska. V pozadí za nimi je jednoposchodová budova, vpravo za ňou je poschodové rekreačné zariadenie. Vpravo pred ním vidno nízku chatu s vysokou šikmou strechou. Pred budovami sú vysoké lampy. Pohľad na kvetinový záhon v popredí. V pozadí za ním je široká cesta, vľavo chodník, na konci ktorého je na okrúhly kvetináč. Vpravo v pozadí sú na ceste tri osoby. Vľavo v pozadí je nízka budova s nápisom: "Reštaurácia Prameň". Vpravo za ňou sú dve ďalšie budovy, za nimi sú vysoké listnaté stromy. Vľavo hore zasahujú do záberu konáre listnatého stromu. Pohľad na bazén plný ľudí. V pozadí za ním sú pozdĺž areálu kúpaliska vysoké listnaté stromy 
650 0 7 |a vodné bicykle  |2 SNKPH  |9 173008 
650 0 7 |a jazerá  |2 SNKPH  |9 19987 
650 0 7 |a golf  |2 SNKPH  |9 3295 
650 0 7 |a rekreačné zariadenia  |2 SNKPH  |9 3012 
650 0 7 |a rekreačné oblasti  |2 SNKPH  |9 69057 
650 0 7 |a reštaurácie  |2 SNKPH  |9 23080 
650 0 7 |a bazény  |2 SNKPH  |9 30214 
650 0 7 |a termálne kúpaliská  |2 SNKPH  |9 4389 
651 7 |a Patince (Slovensko)  |2 SNKPHgeo  |9 75690 
655 7 |a geografické pohľadnice  |2 SNKPH  |9 70522 
655 7 |a miestne pohľadnice  |2 SNKPH  |9 70510 
700 1 |a Býma, J.  |c (grafik)  |4 art  |9 283282 
958 |a GBN 
958 |a GC 
958 |a OND 
999 |c 597849  |d 599779 
952 |a SNK  |b SNK  |y PREZ  |7 0  |p 17A1289530  |o snkSP 139629  |i snk2149/88  |0 0  |1 0  |4 0  |d 2021-10-25  |f 1  |l 0  |r 2026-02-23 15:45:01  |w 2026-02-23 
952 |a SNK  |b SNK  |y PREZ  |7 0  |p 17A1289531  |o snkSP 139629 D1  |i snk2150/88  |0 0  |1 0  |4 0  |d 2021-10-25  |l 0  |r 2026-02-23 15:45:01  |w 2026-02-23